000 01476cam a22003617a 4500
001 14965672
005 20071105085813.0
008 070813s2007 enka b 001 0 eng
010 _a 2007278717
015 _aGBA681925
_2bnb
016 7 _a013562821
_2Uk
020 _a9780521851077
020 _a0521851076
035 _a(OCoLC)ocm71808136
040 _aUKM
_cUKM
_dBAKER
_dYDXCP
_dTXH
_dIXA
_dBTCTA
_dDLC
042 _aukblsr
_alccopycat
050 0 0 _aQC718
_b.F76 2007
082 0 4 _a621.484
_222
_bFRE
100 1 _aFreidberg, Jeffrey P.
_93857
245 1 0 _aPlasma physics and fusion energy /
_cJeffrey P. Freidberg.
260 _aCambridge :
_bCambridge University Press,
_cc.2007.
300 _axvii, 671 p. :
_bill. ;
_c26 cm.
500 _aIncludes Index.
504 _aIncludes bibliographical references and index.
650 0 _aPlasma (Ionized gases)
_93858
650 0 _aControlled fusion.
_93859
856 4 1 _3Table of contents only
_uhttp://www.loc.gov/catdir/enhancements/fy0803/2007278717-t.html
856 4 2 _3Publisher description
_uhttp://www.loc.gov/catdir/enhancements/fy0803/2007278717-d.html
856 4 2 _3Contributor biographical information
_uhttp://www.loc.gov/catdir/enhancements/fy0803/2007278717-b.html
942 _2ddc
_cBB
999 _c11332
_d11332